[Event "21. Open de Ajedrez Ciudad de Roquetas"]
[Site "Roquetas de Mar ESP"]
[Date "2010.01.04"]
[Round "4.6"]
[White "Peralta, Fernando"]
[Black "Claverie, Raul"]
[Result "1-0"]
[WhiteElo "2557"]
[BlackElo "2384"]
[PlyCount "65"]
[EventDate "2010.01.02"]
[EventType "swiss"]
[EventRounds "9"]
[EventCountry "ESP"]
[Source "lmi"]
[SourceDate "2010.01.02"]

1. Nf3 f5 2. g3 Nf6 3. Bg2 e6 4. c4 d5 5. O-O c6 6. d3 Na6 7. Nc3 Be7 8. e4
dxe4 9. dxe4 Qxd1 10. Rxd1 Nxe4 11. Nxe4 fxe4 12. Ng5 Nc5 13. Be3 e5 14. Nxe4
Nxe4 15. Bxe4 Be6 16. b3 O-O 17. Kg2 Rfd8 18. a4 a6 19. Bb6 Rxd1 20. Rxd1 Rf8
21. h4 h6 22. h5 Bb4 23. Rd3 Bg4 24. f3 Bxh5 25. g4 Be8 26. Rd8 h5 27. g5 Be7
28. Rb8 h4 29. g6 h3+ 30. Kh2 Bd7 31. Rxb7 Bd8 32. Bc5 Bc8 33. Ra7 1-0

[Event "21. Open de Ajedrez Ciudad de Roquetas"]
[Site "Roquetas de Mar ESP"]
[Date "2010.01.04"]
[Round "5.1"]
[White "Roa Alonso, Santiago"]
[Black "Berbatov, Kiprian"]
[Result "0-1"]
[WhiteElo "2422"]
[BlackElo "2455"]
[PlyCount "100"]
[EventDate "2010.01.02"]
[EventType "swiss"]
[EventRounds "9"]
[EventCountry "ESP"]
[Source "lmi"]
[SourceDate "2010.01.02"]

1. e4 c5 2. Nf3 d6 3. d4 cxd4 4. Nxd4 Nf6 5. Nc3 a6 6. Be2 e6 7. O-O Qc7 8. f4
Be7 9. Be3 O-O 10. a4 b6 11. Bf3 Bb7 12. Qe2 Nc6 13. Qf2 Nd7 14. Nb3 Rac8 15.
g4 Rfe8 16. g5 Bf8 17. Bg4 g6 18. f5 Nce5 19. fxe6 fxe6 20. Bh3 Re7 21. Nd4
Rce8 22. Rad1 Bg7 23. Qf4 Kh8 24. Nde2 Nc4 25. Bc1 b5 26. b3 b4 27. bxc4 bxc3
28. Ba3 Be5 29. Qe3 Nb6 30. Qd3 Nxc4 31. Bc1 Nb2 32. Bxb2 cxb2 33. c3 d5 34.
Bg2 dxe4 35. Bxe4 Bxh2+ 36. Kg2 Rd7 37. Qc2 Rxd1 38. Rxd1 Rf8 39. c4 Be5 40.
Ng1 Bg7 41. Nf3 Bxe4 42. Qxe4 Qa5 43. Rd7 Qf5 44. Qxf5 gxf5 45. Rb7 e5 46. c5
e4 47. Nd2 Rc8 48. Nc4 Bd4 49. Nxb2 Rxc5 50. Nd1 f4 0-1

[Event "21. Open de Ajedrez Ciudad de Roquetas"]
[Site "Roquetas de Mar ESP"]
[Date "2010.01.04"]
[Round "5.2"]
[White "Fernandez Siles, Luis"]
[Black "Peralta, Fernando"]
[Result "1/2-1/2"]
[WhiteElo "2329"]
[BlackElo "2557"]
[PlyCount "60"]
[EventDate "2010.01.02"]
[EventType "swiss"]
[EventRounds "9"]
[EventCountry "ESP"]
[Source "lmi"]
[SourceDate "2010.01.02"]

1. d4 d5 2. c4 e6 3. Nc3 Bb4 4. Nf3 Nf6 5. g3 dxc4 6. Bg2 Nc6 7. a3 Bxc3+ 8.
bxc3 e5 9. Qa4 O-O 10. dxe5 Ng4 11. Qxc4 Ngxe5 12. Nxe5 Nxe5 13. Qc5 Re8 14.
O-O Bg4 15. Bf4 b6 16. Qd4 c5 17. Qxe5 Rxe5 18. Bxe5 Rc8 19. Bb7 f6 20. Bf4 g5
21. Rfd1 Qe8 22. Bxc8 Qxc8 23. f3 gxf4 24. fxg4 Qxg4 25. Kf2 fxg3+ 26. hxg3
Qf5+ 27. Ke1 Qc2 28. Rd3 Kf7 29. Rad1 Qa4 30. Rf3 Qxa3 1/2-1/2

[Event "21. Open de Ajedrez Ciudad de Roquetas"]
[Site "Roquetas de Mar ESP"]
[Date "2010.01.04"]
[Round "5.3"]
[White "Plaskett, H James"]
[Black "Lillo Castay, Victor"]
[Result "1-0"]
[WhiteElo "2498"]
[BlackElo "2282"]
[PlyCount "58"]
[EventDate "2010.01.02"]
[EventType "swiss"]
[EventRounds "9"]
[EventCountry "ESP"]
[Source "lmi"]
[SourceDate "2010.01.02"]

1. e4 c5 2. Nc3 d6 3. f4 Nc6 4. Nf3 g6 5. Bc4 Bg7 6. d3 Nf6 7. O-O O-O 8. Qe1
Nd4 9. Bb3 Nxb3 10. axb3 e6 11. e5 Ne8 12. h4 b6 13. h5 Bb7 14. Ne4 Qc7 15. Bd2
f6 16. hxg6 hxg6 17. exf6 Nxf6 18. Neg5 Rfe8 19. Qh4 Qd7 20. Bc3 Re7 21. Rae1
Rae8 22. Bxf6 Bxf6 23. Qh6 Bxb2 24. Nh4 Bd4+ 25. Kh2 Rh7 26. Qxg6+ Rg7 27. Qh6
Ree7 28. Ng6 Re8 29. Nh4 Qc6 1-0

[Event "21. Open de Ajedrez Ciudad de Roquetas"]
[Site "Roquetas de Mar ESP"]
[Date "2010.01.04"]
[Round "5.4"]
[White "Vidarte Morales, Arturo"]
[Black "Pogorelov, Ruslan"]
[Result "1-0"]
[WhiteElo "2423"]
[BlackElo "2469"]
[PlyCount "117"]
[EventDate "2010.01.02"]
[EventType "swiss"]
[EventRounds "9"]
[EventCountry "ESP"]
[Source "lmi"]
[SourceDate "2010.01.02"]

1. g3 c5 2. Bg2 Nc6 3. e4 g6 4. d3 Bg7 5. f4 d6 6. c3 f5 7. exf5 Bxf5 8. Nh3
Qd7 9. Nf2 Nf6 10. Nd2 d5 11. Nf3 Ng4 12. Nxg4 Bxg4 13. h3 Bf5 14. g4 Be6 15.
Qe2 O-O-O 16. Bd2 Rhf8 17. O-O Bg8 18. Rae1 h5 19. gxh5 gxh5 20. Ng5 h4 21. Qf2
Bf6 22. Qxc5 Bxg5 23. fxg5 Rxf1+ 24. Rxf1 Bh7 25. Rf3 d4 26. b4 dxc3 27. Bxc3
Qd6 28. Qxd6 Rxd6 29. b5 Nd4 30. Bxd4 Rxd4 31. Rf7 Bxd3 32. Rxe7 Rd7 33. Re5
Kc7 34. Kf2 Kb6 35. a4 Bc2 36. Bd5 Ka5 37. Be4 Bxa4 38. g6 Bb3 39. Ke3 Kb4 40.
Rh5 a5 41. bxa6 bxa6 42. Rxh4 Kc3 43. Rh7 Rd1 44. Rc7+ Kb2 45. g7 Rg1 46. Rb7
Kc3 47. Kf2 Rg5 48. h4 Rg4 49. Bf3 Rb4 50. Rc7+ Kb2 51. h5 Rb6 52. Rc5 Rd6 53.
Rc6 Rxc6 54. Bxc6 a5 55. Ke3 Kc3 56. h6 Bg8 57. Bd5 Bh7 58. Be4 Bg8 59. h7 1-0

[Event "21. Open de Ajedrez Ciudad de Roquetas"]
[Site "Roquetas de Mar ESP"]
[Date "2010.01.04"]
[Round "5.5"]
[White "Vazquez Igarza, Renier"]
[Black "Ivanov, Jordan"]
[Result "0-1"]
[WhiteElo "2560"]
[BlackElo "2409"]
[PlyCount "72"]
[EventDate "2010.01.02"]
[EventType "swiss"]
[EventRounds "9"]
[EventCountry "ESP"]
[Source "lmi"]
[SourceDate "2010.01.02"]

1. d4 d5 2. c4 dxc4 3. Nf3 Nf6 4. e3 e6 5. Bxc4 c5 6. O-O a6 7. a4 Nc6 8. Qe2
Qc7 9. Nc3 Bd6 10. Bd2 O-O 11. Rac1 Bd7 12. Bd3 cxd4 13. exd4 Rae8 14. Rfe1 Qb8
15. Bb1 h6 16. Rcd1 e5 17. Ne4 Nxe4 18. Qxe4 f5 19. Ba2+ Kh7 20. Qh4 e4 21.
Ng5+ Kg6 22. Nh3 Bxh2+ 23. Kh1 Bd6 24. d5 Nd8 25. Bc4 Kh7 26. g4 fxg4 27. Ng5+
Kg8 28. Nxe4 Rf3 29. Kg2 Nf7 30. Qh5 Rxe4 31. Rxe4 Rh3 32. Qg6 Nh8 33. Qe6+
Bxe6 34. dxe6 Be7 35. Bf4 Qf8 36. Red4 Ng6 0-1

[Event "21. Open de Ajedrez Ciudad de Roquetas"]
[Site "Roquetas de Mar ESP"]
[Date "2010.01.04"]
[Round "5.6"]
[White "Korneev, Oleg"]
[Black "Cruz Ravina, Francisco Javier"]
[Result "1-0"]
[WhiteElo "2573"]
[BlackElo "2363"]
[PlyCount "58"]
[EventDate "2010.01.02"]
[EventType "swiss"]
[EventRounds "9"]
[EventCountry "ESP"]
[Source "lmi"]
[SourceDate "2010.01.02"]

1. e4 c6 2. d4 d5 3. e5 Bf5 4. Nf3 e6 5. Be2 Nd7 6. O-O h6 7. c3 Qc7 8. Re1 Ne7
9. Na3 Nc8 10. Nc2 c5 11. c4 Ncb6 12. Ne3 Be4 13. cxd5 Nxd5 14. Bd3 Nxe3 15.
Bxe3 Bd5 16. Rc1 Qb6 17. b3 Rd8 18. Bc4 Bxf3 19. dxc5 Bxd1 20. cxb6 Bh5 21.
bxa7 Ba3 22. Rc2 O-O 23. Bb5 Bb4 24. Rec1 Nxe5 25. Bc5 Bxc5 26. Rxc5 Rd5 27.
Rc8 Rd1+ 28. Bf1 Rd5 29. R8c5 Rd1 1-0

[Event "21. Open de Ajedrez Ciudad de Roquetas"]
[Site "Roquetas de Mar ESP"]
[Date "2010.01.05"]
[Round "6.1"]
[White "Berbatov, Kiprian"]
[Black "Plaskett, H James"]
[Result "1-0"]
[WhiteElo "2455"]
[BlackElo "2498"]
[PlyCount "90"]
[EventDate "2010.01.02"]
[EventType "swiss"]
[EventRounds "9"]
[EventCountry "ESP"]
[Source "lmi"]
[SourceDate "2010.01.02"]

1. e4 e5 2. Nf3 Nc6 3. Bb5 Bc5 4. O-O d6 5. c3 Bd7 6. d4 Bb6 7. Re1 Nge7 8. Na3
O-O 9. Nc4 exd4 10. cxd4 Bg4 11. Bxc6 Nxc6 12. d5 Ne5 13. Ncxe5 dxe5 14. h3
Bxf3 15. Qxf3 Qd7 16. Be3 f5 17. Rac1 f4 18. Bxb6 axb6 19. Qc3 Rf7 20. Qxe5
Rxa2 21. Rc2 Ra8 22. Rec1 Re8 23. Qxc7 Rxe4 24. Qxb6 Qxd5 25. Rc8+ Rf8 26.
Rxf8+ Kxf8 27. Rc8+ Ke7 28. Qc7+ Kf6 29. Rd8 Qe5 30. Rd6+ Kg5 31. Rd8 Qe7 32.
Qa5+ Re5 33. Qb4 Re4 34. Qc5+ Re5 35. Qd4 Re4 36. Qd3 g6 37. Rd7 Re1+ 38. Kh2
Qe4 39. Qb5+ Kh6 40. Qc5 Qe5 41. Qf8+ Kg5 42. h4+ Kxh4 43. Rxh7+ Kg5 44. Qh6+
Kg4 45. Qh4+ Kf5 1-0

[Event "21. Open de Ajedrez Ciudad de Roquetas"]
[Site "Roquetas de Mar ESP"]
[Date "2010.01.05"]
[Round "6.2"]
[White "Ivanov, Jordan"]
[Black "Vidarte Morales, Arturo"]
[Result "1-0"]
[WhiteElo "2409"]
[BlackElo "2423"]
[PlyCount "141"]
[EventDate "2010.01.02"]
[EventType "swiss"]
[EventRounds "9"]
[EventCountry "ESP"]
[Source "lmi"]
[SourceDate "2010.01.02"]

1. Nf3 c5 2. c4 Nf6 3. Nc3 g6 4. d4 cxd4 5. Nxd4 Bg7 6. e4 d6 7. Be2 Nc6 8. Be3
O-O 9. O-O Nxd4 10. Bxd4 Bd7 11. Qd2 Bc6 12. f3 a5 13. b3 Nd7 14. Be3 Nc5 15.
Rab1 f5 16. exf5 gxf5 17. Nd5 Bxd5 18. cxd5 Qb6 19. Bc4 f4 20. Bf2 Qb4 21. Qe2
Be5 22. Rfc1 Rfc8 23. Kh1 Nd7 24. g3 Kh8 25. gxf4 Bf6 26. Rg1 Rg8 27. Rg3 Qc3
28. Rbg1 b5 29. Bxb5 Nc5 30. Bc4 Bd4 31. Rxg8+ Rxg8 32. Rxg8+ Kxg8 33. Be1 Qa1
34. Kg2 Kf8 35. Bxa5 Qg1+ 36. Kh3 Nd7 37. Be1 Qg6 38. Bg3 Nf6 39. Qd3 Qh5+ 40.
Kg2 Bc5 41. Qd2 Qe8 42. b4 Bb6 43. Bb3 Qb8 44. a4 Bc5 45. Be1 Nh5 46. Bd1 Ba7
47. a5 Qc8 48. Be2 Qf5 49. Bg3 Qb1 50. Bf1 Qb3 51. b5 Be3 52. Qd3 Qa2+ 53. Kh3
Nxg3 54. hxg3 Bg1 55. Be2 Qxa5 56. Qxh7 Qa1 57. Bd3 Qg7 58. Qxg7+ Kxg7 59. g4
Be3 60. Kg3 Kf6 61. g5+ Kg7 62. Kg4 Kf7 63. Kf5 Bd4 64. Bf1 Be3 65. Bh3 Bd4 66.
Bg4 Be3 67. Bh5+ Kf8 68. g6 Bd4 69. Ke6 Be3 70. f5 Bd4 71. Kd7 1-0

[Event "21. Open de Ajedrez Ciudad de Roquetas"]
[Site "Roquetas de Mar ESP"]
[Date "2010.01.05"]
[Round "6.3"]
[White "Martinez Martin, David"]
[Black "Korneev, Oleg"]
[Result "1/2-1/2"]
[WhiteElo "2394"]
[BlackElo "2573"]
[PlyCount "54"]
[EventDate "2010.01.02"]
[EventType "swiss"]
[EventRounds "9"]
[EventCountry "ESP"]
[Source "lmi"]
[SourceDate "2010.01.02"]

1. d4 d5 2. c4 dxc4 3. Nf3 Nf6 4. e3 Bg4 5. Bxc4 e6 6. Qb3 Bxf3 7. gxf3 Nbd7 8.
Qxb7 Bd6 9. f4 O-O 10. Qg2 c5 11. dxc5 Qa5+ 12. Nc3 Qxc5 13. Bb3 Qb6 14. O-O
Nc5 15. Na4 Nxa4 16. Bxa4 Rac8 17. Rb1 Rfd8 18. b4 Nd5 19. Bb2 g6 20. Bd4 Qa6
21. Bb3 Bxf4 22. Rfd1 Bh6 23. Qf1 Qb7 24. b5 Bg7 25. Qg2 Qxb5 26. Bxd5 Qxd5 27.
Qxd5 Rxd5 1/2-1/2

[Event "21. Open de Ajedrez Ciudad de Roquetas"]
[Site "Roquetas de Mar ESP"]
[Date "2010.01.05"]
[Round "6.4"]
[White "Peralta, Fernando"]
[Black "Gallardo Garcia, Andres"]
[Result "1-0"]
[WhiteElo "2557"]
[BlackElo "2418"]
[PlyCount "57"]
[EventDate "2010.01.02"]
[EventType "swiss"]
[EventRounds "9"]
[EventCountry "ESP"]
[Source "lmi"]
[SourceDate "2010.01.02"]

1. d4 d5 2. c4 c6 3. Nf3 Nf6 4. Nc3 dxc4 5. a4 Bf5 6. Ne5 Nbd7 7. Nxc4 Qc7 8.
g3 e5 9. dxe5 Nxe5 10. Bf4 Nfd7 11. Bg2 f6 12. O-O Nc5 13. Ne3 Be6 14. b4 Rd8
15. Qb1 Nb3 16. Ned5 cxd5 17. Qxb3 Qc4 18. Qxc4 dxc4 19. Rfb1 Rd7 20. a5 Kf7
21. a6 b6 22. Bxe5 fxe5 23. Nb5 c3 24. Nxc3 Bc4 25. Bc6 Rc7 26. Bd5+ Kg6 27.
Bxc4 Rxc4 28. Nb5 Bxb4 29. Ra4 1-0

[Event "21. Open de Ajedrez Ciudad de Roquetas"]
[Site "Roquetas de Mar ESP"]
[Date "2010.01.05"]
[Round "6.5"]
[White "Kovacevic, Slobodan"]
[Black "Panelo, Marcelo"]
[Result "1/2-1/2"]
[WhiteElo "2379"]
[BlackElo "2455"]
[PlyCount "124"]
[EventDate "2010.01.02"]
[EventType "swiss"]
[EventRounds "9"]
[EventCountry "ESP"]
[Source "lmi"]
[SourceDate "2010.01.02"]

1. d4 Nf6 2. Nf3 d6 3. Bg5 Nbd7 4. Nbd2 h6 5. Bh4 g5 6. Bg3 Nh5 7. e4 Bg7 8. c3
e6 9. Nc4 Nxg3 10. hxg3 Qe7 11. Ne3 b6 12. Bd3 Bb7 13. Qe2 h5 14. Nd2 g4 15.
Ba6 Bxa6 16. Qxa6 c5 17. d5 Nf6 18. Qb5+ Qd7 19. a4 Bh6 20. dxe6 fxe6 21. Nec4
d5 22. exd5 exd5 23. Ne5 Qxb5 24. axb5 O-O 25. Nc6 Rae8+ 26. Kd1 Bxd2 27. Kxd2
Ne4+ 28. Kc1 Nxf2 29. Rg1 Re2 30. Rxa7 Nd3+ 31. Kb1 Rxb2+ 32. Ka1 Rff2 33. Ne7+
Kf8 34. Nxd5 c4 35. Nxb6 Nc5 36. Nd7+ Nxd7 37. Rxd7 Ra2+ 38. Kb1 Rfb2+ 39. Kc1
Rc2+ 40. Kb1 Rab2+ 41. Ka1 Rxb5 42. Ra7 Rxc3 43. Rf1+ Kg8 44. Re1 Rf5 45. Re8+
Rf8 46. Ree7 Rf1+ 47. Kb2 Rxg3 48. Rg7+ Kf8 49. Rh7 Rf2+ 50. Ka1 Kg8 51. Rag7+
Kf8 52. Ra7 Rf1+ 53. Kb2 c3+ 54. Kb3 Kg8 55. Rag7+ Kf8 56. Ra7 c2+ 57. Kxc2
Rxg2+ 58. Kc3 Rf3+ 59. Kd4 Rd2+ 60. Kc4 Rc2+ 61. Kd4 Rd2+ 62. Kc4 Rc2+ 1/2-1/2

[Event "21. Open de Ajedrez Ciudad de Roquetas"]
[Site "Roquetas de Mar ESP"]
[Date "2010.01.05"]
[Round "6.6"]
[White "Shkapenko, Pavel"]
[Black "Dolezal, Cristian"]
[Result "1/2-1/2"]
[WhiteElo "2426"]
[BlackElo "2405"]
[PlyCount "33"]
[EventDate "2010.01.02"]
[EventType "swiss"]
[EventRounds "9"]
[EventCountry "ESP"]
[Source "lmi"]
[SourceDate "2010.01.02"]

1. e4 e5 2. Nf3 Nc6 3. Bb5 a6 4. Ba4 Nf6 5. O-O b5 6. Bb3 Bc5 7. a4 Bb7 8. d3
h6 9. Nc3 b4 10. Ne2 d6 11. Ng3 Bc8 12. a5 O-O 13. Be3 Bxe3 14. fxe3 Be6 15.
Nd2 Bxb3 16. Nxb3 Nh7 17. Nf5 1/2-1/2

[Event "21. Open de Ajedrez Ciudad de Roquetas"]
[Site "Roquetas de Mar ESP"]
[Date "2010.01.05"]
[Round "7.1"]
[White "Berbatov, Kiprian"]
[Black "Ivanov, Jordan"]
[Result "1/2-1/2"]
[WhiteElo "2455"]
[BlackElo "2409"]
[PlyCount "51"]
[EventDate "2010.01.02"]
[EventType "swiss"]
[EventRounds "9"]
[EventCountry "ESP"]
[Source "lmi"]
[SourceDate "2010.01.02"]

1. e4 c5 2. Nf3 d6 3. Bb5+ Bd7 4. Bxd7+ Qxd7 5. c4 Nf6 6. Nc3 g6 7. d4 cxd4 8.
Nxd4 Bg7 9. O-O O-O 10. f3 Rc8 11. b3 d5 12. exd5 Nxd5 13. Nxd5 e6 14. Bh6 exd5
15. Bxg7 Kxg7 16. Nb5 dxc4 17. Qxd7 Nxd7 18. Nd6 Rc6 19. Nxc4 b5 20. Rfd1 bxc4
21. Rxd7 cxb3 22. axb3 Rb6 23. Raxa7 Rxa7 24. Rxa7 Rxb3 25. h4 h5 26. Kf2
1/2-1/2

[Event "21. Open de Ajedrez Ciudad de Roquetas"]
[Site "Roquetas de Mar ESP"]
[Date "2010.01.05"]
[Round "7.2"]
[White "Peralta, Fernando"]
[Black "Roa Alonso, Santiago"]
[Result "1-0"]
[WhiteElo "2557"]
[BlackElo "2422"]
[PlyCount "60"]
[EventDate "2010.01.02"]
[EventType "swiss"]
[EventRounds "9"]
[EventCountry "ESP"]
[Source "lmi"]
[SourceDate "2010.01.02"]

1. d4 Nf6 2. c4 e6 3. Nc3 d5 4. cxd5 exd5 5. Bg5 c6 6. Qc2 Be7 7. e3 Nbd7 8.
Bd3 O-O 9. Nge2 Re8 10. O-O Nf8 11. f3 Be6 12. Rad1 Rc8 13. e4 dxe4 14. fxe4
Ng4 15. Bf4 c5 16. Bb5 Bd7 17. Bxd7 Nxd7 18. h3 cxd4 19. Nxd4 Ngf6 20. Kh1 Qa5
21. e5 Nd5 22. Nf5 Nxf4 23. Rxd7 Ng6 24. Nd6 Nxe5 25. Rxe7 Rxe7 26. Nxc8 Rd7
27. Qf5 g6 28. Qf6 Qc5 29. Ne4 Qd4 30. Ncd6 Rd8 1-0

[Event "21. Open de Ajedrez Ciudad de Roquetas"]
[Site "Roquetas de Mar ESP"]
[Date "2010.01.05"]
[Round "7.3"]
[White "Korneev, Oleg"]
[Black "Cabrera Trujillo, Jorge"]
[Result "1/2-1/2"]
[WhiteElo "2573"]
[BlackElo "2384"]
[PlyCount "80"]
[EventDate "2010.01.02"]
[EventType "swiss"]
[EventRounds "9"]
[EventCountry "ESP"]
[Source "lmi"]
[SourceDate "2010.01.02"]

1. e4 c5 2. Nf3 d6 3. c3 Nf6 4. Be2 g6 5. O-O Bg7 6. Bb5+ Bd7 7. Bxd7+ Qxd7 8.
Re1 O-O 9. d4 cxd4 10. cxd4 d5 11. e5 Ne8 12. Bf4 Nc7 13. Qd2 Ne6 14. Bh6 Nc6
15. Bxg7 Kxg7 16. Nc3 Rac8 17. h3 b6 18. Rad1 Rc7 19. Ne2 f5 20. exf6+ exf6 21.
Nf4 Re8 22. Qe3 Kf7 23. Nxe6 Rxe6 24. Qh6 Kg8 25. Rxe6 Qxe6 26. Re1 Qf7 27. Qf4
Nd8 28. Re8+ Qxe8 29. Qxc7 Nc6 30. Qd6 Kf7 31. Qxd5+ Qe6 32. Qb5 Ne7 33. b3 Qc6
34. Qc4+ Kg7 35. Nd2 b5 36. Qe2 Kf7 37. Nf3 Nd5 38. g3 Nc3 39. Qe3 Nxa2 40. d5
Qc5 1/2-1/2

[Event "21. Open de Ajedrez Ciudad de Roquetas"]
[Site "Roquetas de Mar ESP"]
[Date "2010.01.05"]
[Round "7.4"]
[White "Claverie, Raul"]
[Black "Moskalenko, Viktor"]
[Result "1/2-1/2"]
[WhiteElo "2384"]
[BlackElo "2538"]
[PlyCount "61"]
[EventDate "2010.01.02"]
[EventType "swiss"]
[EventRounds "9"]
[EventCountry "ESP"]
[Source "lmi"]
[SourceDate "2010.01.02"]

1. Nf3 d5 2. d3 g6 3. e4 dxe4 4. dxe4 Qxd1+ 5. Kxd1 Bg4 6. Be2 Bxf3 7. Bxf3 Nc6
8. c3 Bh6 9. Kc2 Bxc1 10. Rxc1 Nf6 11. Nd2 Ne5 12. Re1 O-O-O 13. Be2 Rd7 14.
Rad1 Rhd8 15. f3 e6 16. Nf1 Rxd1 17. Rxd1 Rxd1 18. Kxd1 g5 19. Ne3 Kd7 20. g3
Ke7 21. Ke1 h6 22. Ng2 Ng6 23. Ne3 h5 24. Nc4 b6 25. Ne3 h4 26. Kf2 hxg3+ 27.
hxg3 Nd7 28. Bb5 Nf6 29. Nc4 Nd7 30. Bxd7 Kxd7 31. Ke3 1/2-1/2

[Event "21. Open de Ajedrez Ciudad de Roquetas"]
[Site "Roquetas de Mar ESP"]
[Date "2010.01.05"]
[Round "7.5"]
[White "Plaskett, H James"]
[Black "Kovacevic, Slobodan"]
[Result "1/2-1/2"]
[WhiteElo "2498"]
[BlackElo "2379"]
[PlyCount "51"]
[EventDate "2010.01.02"]
[EventType "swiss"]
[EventRounds "9"]
[EventCountry "ESP"]
[Source "lmi"]
[SourceDate "2010.01.02"]

1. d4 Nf6 2. Nf3 e6 3. Bg5 c5 4. e3 Be7 5. Nbd2 cxd4 6. exd4 b6 7. c3 O-O 8.
Bd3 Bb7 9. O-O d6 10. Re1 Nbd7 11. Qe2 a6 12. a4 Re8 13. Nf1 Qc8 14. Ng3 Bf8
15. Ne4 Nxe4 16. Bxe4 h6 17. Bd2 Bxe4 18. Qxe4 b5 19. h3 Nf6 20. Qd3 Qc6 21. b3
Rec8 22. Kf1 Nd5 23. Rec1 Nf6 24. Re1 Nd5 25. Rec1 Nf6 26. Re1 1/2-1/2

[Event "21. Open de Ajedrez Ciudad de Roquetas"]
[Site "Roquetas de Mar ESP"]
[Date "2010.01.05"]
[Round "7.6"]
[White "Panelo, Marcelo"]
[Black "Martinez Martin, David"]
[Result "1-0"]
[WhiteElo "2455"]
[BlackElo "2394"]
[PlyCount "129"]
[EventDate "2010.01.02"]
[EventType "swiss"]
[EventRounds "9"]
[EventCountry "ESP"]
[Source "lmi"]
[SourceDate "2010.01.02"]

1. d4 d5 2. c4 c6 3. Nf3 Nf6 4. Nc3 dxc4 5. a4 c5 6. e4 cxd4 7. Qxd4 Qxd4 8.
Nxd4 e5 9. Ndb5 Na6 10. Bxc4 Be6 11. Bxe6 fxe6 12. Be3 Bb4 13. Bxa7 Bxc3+ 14.
bxc3 Nxe4 15. Bb6 Ke7 16. f3 Nec5 17. O-O Rhc8 18. Rfe1 Nd7 19. Be3 h6 20. f4
Nac5 21. fxe5 Rxa4 22. Rxa4 Nxa4 23. Bd4 Nac5 24. Nd6 Rf8 25. Rb1 Rb8 26. Rf1
Rf8 27. Rb1 Rb8 28. Rd1 Nb3 29. Rf1 Nxd4 30. Rf7+ Kd8 31. cxd4 b5 32. Rxg7 b4
33. Rg8+ Kc7 34. Rxb8 Nxb8 35. Kf2 b3 36. Nc4 Nc6 37. Ke3 Na5 38. Nb2 Kc6 39.
Kd3 h5 40. g3 Kd5 41. Nd1 b2 42. Nxb2 Nc6 43. Ke3 Nxd4 44. Nd3 Nf5+ 45. Kf4 h4
46. g4 Ne7 47. Kg5 h3 48. Kf6 Ng8+ 49. Kg7 Ne7 50. Kf7 Nc6 51. g5 Nd4 52. g6
Ke4 53. g7 Nf5 54. g8=Q Nh6+ 55. Kg7 Nxg8 56. Kxg8 Kxd3 57. Kf7 Ke3 58. Kxe6
Kf2 59. Kf5 Kg2 60. e6 Kxh2 61. e7 Kg1 62. e8=Q h2 63. Qe1+ Kg2 64. Qe2+ Kg1
65. Kg4 1-0

[Event "21. Open de Ajedrez Ciudad de Roquetas"]
[Site "Roquetas de Mar ESP"]
[Date "2010.01.06"]
[Round "8.1"]
[White "Shkapenko, Pavel"]
[Black "Berbatov, Kiprian"]
[Result "1/2-1/2"]
[WhiteElo "2426"]
[BlackElo "2455"]
[PlyCount "50"]
[EventDate "2010.01.02"]
[EventType "swiss"]
[EventRounds "9"]
[EventCountry "ESP"]
[Source "lmi"]
[SourceDate "2010.01.02"]

1. e4 c5 2. c3 d5 3. exd5 Qxd5 4. Nf3 Nf6 5. d4 Bg4 6. Be2 e6 7. O-O Nc6 8. Be3
cxd4 9. cxd4 Be7 10. h3 Bh5 11. Nc3 Qd6 12. Qb3 O-O 13. Rfd1 Rfd8 14. Rac1 Qb4
15. Qxb4 Nxb4 16. g4 Bg6 17. Ne5 Nfd5 18. Nxg6 hxg6 19. Bf3 Rac8 20. Nxd5 Nxd5
21. Rxc8 Rxc8 22. Rc1 Rxc1+ 23. Bxc1 Kf8 24. Kf1 Ke8 25. Bxd5 exd5 1/2-1/2

[Event "21. Open de Ajedrez Ciudad de Roquetas"]
[Site "Roquetas de Mar ESP"]
[Date "2010.01.06"]
[Round "8.2"]
[White "Ivanov, Jordan"]
[Black "Peralta, Fernando"]
[Result "1/2-1/2"]
[WhiteElo "2409"]
[BlackElo "2557"]
[PlyCount "53"]
[EventDate "2010.01.02"]
[EventType "swiss"]
[EventRounds "9"]
[EventCountry "ESP"]
[Source "lmi"]
[SourceDate "2010.01.02"]

1. d4 d5 2. c4 e6 3. Nc3 Bb4 4. Nf3 Nf6 5. cxd5 exd5 6. Bg5 Nbd7 7. e3 c5 8.
Bd3 Qa5 9. Qc2 O-O 10. O-O c4 11. Bf5 Re8 12. Nd2 g6 13. Bh3 Bxc3 14. Qxc3 Qxc3
15. bxc3 Kg7 16. Rfb1 b6 17. a4 Ba6 18. Bf4 h6 19. Bd6 Rad8 20. Bc7 Ra8 21. Bd6
Rad8 22. Bc7 Ra8 23. Bd6 Rad8 24. Bc7 Ra8 25. Bd6 Rad8 26. Bc7 Ra8 27. Bd6
1/2-1/2

[Event "21. Open de Ajedrez Ciudad de Roquetas"]
[Site "Roquetas de Mar ESP"]
[Date "2010.01.06"]
[Round "8.3"]
[White "Dolezal, Cristian"]
[Black "Panelo, Marcelo"]
[Result "1/2-1/2"]
[WhiteElo "2405"]
[BlackElo "2455"]
[PlyCount "137"]
[EventDate "2010.01.02"]
[EventType "swiss"]
[EventRounds "9"]
[EventCountry "ESP"]
[Source "lmi"]
[SourceDate "2010.01.02"]

1. e4 c5 2. Nf3 d6 3. d4 cxd4 4. Nxd4 Nf6 5. Nc3 a6 6. Be2 e5 7. Nb3 Be7 8. O-O
O-O 9. Be3 Be6 10. Qd2 Nbd7 11. a4 Qc7 12. a5 Nc5 13. Nxc5 dxc5 14. Rfd1 Rfd8
15. Qe1 Rxd1 16. Qxd1 Rd8 17. Qf1 Qc6 18. f3 c4 19. Na4 Nd7 20. c3 Nc5 21. Nxc5
Bxc5 22. Qf2 Bxe3 23. Qxe3 h6 24. Kf2 Rd6 25. Ke1 Qc7 26. Qa7 Kh7 27. Rd1 Rc6
28. h4 Rc5 29. Ra1 Rb5 30. Ra2 Bc8 31. Kf2 Be6 32. g3 Qd8 33. Ke1 g5 34. hxg5
Qxg5 35. Qg1 Rxb2 36. f4 Rb1+ 37. Kf2 Rxg1 38. fxg5 Rc1 39. Rb2 Rxc3 40. Rxb7
Rc2 41. Ke3 Rc3+ 42. Kf2 Ra3 43. Bh5 hxg5 44. Bxf7 Bxf7 45. Rxf7+ Kg6 46. Rc7
Kh5 47. Rc5 Kg4 48. Rxe5 Rxg3 49. Re6 Ra3 50. Rxa6 Kf4 51. Rc6 Ra4 52. e5 Kxe5
53. Ke3 Ra3+ 54. Kd2 Kd4 55. Rd6+ Kc5 56. Rg6 Kb4 57. Rxg5 Ra2+ 58. Kc1 Kb3 59.
Rb5+ Kc3 60. Kb1 Ra4 61. Rd5 Rb4+ 62. Ka2 Ra4+ 63. Kb1 Rb4+ 64. Ka2 Rb2+ 65.
Ka3 Rb3+ 66. Ka4 Rb4+ 67. Ka3 Rb1 68. Ka4 Rb4+ 69. Ka3 1/2-1/2

[Event "21. Open de Ajedrez Ciudad de Roquetas"]
[Site "Roquetas de Mar ESP"]
[Date "2010.01.06"]
[Round "8.4"]
[White "Kovacevic, Slobodan"]
[Black "Korneev, Oleg"]
[Result "0-1"]
[WhiteElo "2379"]
[BlackElo "2573"]
[PlyCount "96"]
[EventDate "2010.01.02"]
[EventType "swiss"]
[EventRounds "9"]
[EventCountry "ESP"]
[Source "lmi"]
[SourceDate "2010.01.02"]

1. d4 Nf6 2. Nf3 d5 3. Bf4 c5 4. e3 Qb6 5. b3 Nc6 6. c3 Bg4 7. Be2 e6 8. h3 Bh5
9. O-O Rc8 10. a3 a5 11. Nbd2 cxd4 12. cxd4 Be7 13. Bd3 O-O 14. Qb1 Bg6 15.
Bxg6 hxg6 16. Rc1 Na7 17. Ne5 Rxc1+ 18. Qxc1 Rc8 19. Qb2 Nb5 20. Bg5 Qc7 21.
Nd3 Bxa3 22. Rxa3 Nxa3 23. Qxa3 Qc3 24. Ne5 Qxd2 25. Qe7 Qc1+ 26. Kh2 Qc7 27.
Bxf6 Qxe7 28. Bxe7 b6 29. b4 a4 30. b5 Rc3 31. Nd7 a3 32. Bxa3 Rxa3 33. Nxb6
Rb3 34. Nd7 Rxb5 35. Ne5 g5 36. Kg3 f6 37. Ng4 Kf7 38. h4 gxh4+ 39. Kxh4 Rb2
40. Kg3 Kg6 41. f4 Kf5 42. Kf3 Rxg2 43. Nxf6 gxf6 44. Kxg2 Ke4 45. Kf2 Kd3 46.
Kf3 f5 47. Kf2 Kd2 48. Kf3 Ke1 0-1